Städte Westfalens nach Hinweis - Statistiken

Allgemein
  • Dieses Quiz wurde 52 mal gespielt
  • Das Durchschnittsergebnis liegt bei 13 aus 32
Antwortstatistiken
Hint Antwort % Korrekt
Größte Stadt Westfalens mit Westfalenstadion und U-Turm Dortmund
100%
In dieser angeblichen Stadt spielt die Arminia ihre Heimspiele auf der Alm Bielefeld
84%
Großstadt mit Ruhr-Universität und Bermudadreieck Bochum
80%
Größte Stadt des Sauerlandes, in der die DEL-Mannschaft Roosters spielt Iserlohn
62%
Großstadt, in der sich Deutschlands größte Fernuniversität befindet Hagen
56%
Ostwestfälische Großstadt, Sitz von Bertelsmann und Miele Gütersloh
53%
Dom- und Universitätsstadt an der Aa, welcher dem Nordwestlichem Teil Westfalens seinen Namen gibt Münster
49%
In dieser Ruhrgebietsstadt findet NRWs größtes Volksfest, die Cranger Kirmes statt Herne
47%
Größte Stadt Südwestfalens mit oberen und unterem Schloss, Geburstort von Peter Paul Rubens Siegen
47%
Stadt nordöstlich des Potts, mit ehemaligem Zweitligisten Rot-Weiß (damals LR), in der die CDU 1947 ein antikapitalistisches Grundsatzprogramm beschloss Ahlen
44%
Stadt am Hellweg, in der jeden November die große Allerheiligenkirmes stattfindet Soest
44%
In dieser Stadt befindet sich der Maximilianspark mit großem gläsernem Elefanten Hamm
40%
Bezirkshauptstadt Südwestfalens im Sauerland an der Ruhr Arnsberg
38%
Kreisstadt in Ostwestfalen, in der sich Weser und Mittellandkanal kreuzen Minden
38%
In dieser Großstadt kann man einen romanischen Dom mit bekanntem Dreihasenfenster finden Paderborn
38%
Groß- und Kreisstadt, in der die Ruhrfestspiele stattfinden Recklinghausen
38%
Größte Stadt des Ennepe-Ruhr-Kreises mit privater anthroposophisch ausgerichtete Hochschule Witten
38%
Stadt am Hellweg, nach dem sie durchfließenden Fluss benannt, Heimat von Karl-Heinz Rummenigge Lippstadt
36%
Kreisstadt des Märkischen Kreises im Sauerland, in der sich bis 2021 die Talbrücke Rahmede befand, weswegen dort die A45 unterbrochen ist Lüdenscheid
36%
Kreisstadt östlich des Potts und Ort an der die Filmtriologie aus "Bang Boom Bang", "Was nicht passt, wird passend gemacht" und "Goldene Zeiten" spielt Unna
33%
Kreisstadt in Ostwestfalen, in der sich das von Frank Gehry entworfene MARTA-Museum befindet Herford
31%
In dieser ostwestfälischen Kreisstadt befindet sich das karolingische Kloster Corvey Höxter
31%
Kreisstadt des Hochsauerlandkreises, in dessen Stadtteil Grevenstein Veltins gebraut wird Meschede
29%
Stadt an der Grenze zu den Niederlanden, in der Udo Lindenberg geboren wurde und sich das Rock'n'Pop-Museum befindet Gronau
27%
Stadt am Rand des Ruhrgebiets an der Lippe, Hauptsitz des Abfall-Entsorgungsunternehmens Remondis Lünen
24%
Zweitgrößte Stadt des Münsterlands an der Ems mit Falkenhof-Museum, in der u.a. Werke von Picasso und Goya ausgestellt werden Rheine
24%
Kreisstadt im Münsterland mit Wasserburg und Bagno-Park Steinfurt
24%
Kreisstadt im Münsterland, in der eine überregional bekannte Parade für Deckhengste stattfindet Warendorf
20%
Stadt an der Grenze zu den Niederlanden mit Barockem Wasserschloss und Zwischenlager für Radioaktiven Müll Ahaus
18%
Stadt im Münsterland, welches Westfalens einziges Steinkohlerevier ausserhalb des Ruhrpotts war Ibbenbüren
11%
Stadt an der Ruhr am Südöstlichen Rand des Potts, bekannt für seinen Senf Schwerte
11%
Münsterländische Stadt an der Lippe mit mittelalterlicher Altstadt und Sim-Jü-Kirmes Werne
11%
Keine übereinstimmenden Quizze gefunden
Verteilung der Resultate
Anzahl Personen mit jedem Resultat
Perzentil nach korrekt beantworteten Fragen
Ihre Resultats-Entwicklung
Sie haben dieses Quiz noch nicht gespielt